| 000 | 01015nam a22002897a 4500 | ||
|---|---|---|---|
| 001 | 7835 | ||
| 003 | FISKH | ||
| 005 | 20250811150004.0 | ||
| 008 | 250811b cb ||||| |||| 00| 0 eng d | ||
| 040 |
_aFISKH _beng _cFISKH _dFISKH |
||
| 050 | _aC1 | ||
| 082 | _a823.914 | ||
| 100 | _aEverett, Felicity | ||
| 245 |
_aThe monster gang / _cFelicity Everett ; Adapted by Gill Harvey ; Illustrated by Teri Gower |
||
| 250 | _aThis edition first published in 2002 | ||
| 260 |
_aLondon : _bUsborne, _c1994 |
||
| 300 |
_a48 pages : _bcolor illustrations ; _c20 cm |
||
| 505 | _aL | ||
| 520 | _aThe time? Saturday morning. The place? A treehouse. Six monsters meet to start a gang. Some are scary, some are funny, but only one monster has a secret. Join the Monster Gang and see if you can guess what it is. | ||
| 521 | 8 |
_a510
_bLexile |
|
| 521 | 8 |
_aL
_bRaz-Plus |
|
| 650 |
_2Usborne _aYear 3 |
||
| 650 |
_2English _aLevel 3 |
||
| 700 |
_aGower, Teri _dillustrator |
||
| 942 |
_2ddc _cBK _n0 |
||
| 999 |
_c7835 _d7835 |
||